| 000 | 01260nam a22003377a 4500 | ||
|---|---|---|---|
| 003 | CHAP | ||
| 005 | 20220329134618.0 | ||
| 008 | 971013s1984 r 00010 d | ||
| 010 | _a22989 | ||
| 011 | _a23961 | ||
| 035 | _a28058 | ||
| 040 | _cCHAP | ||
| 090 | _aTesis | ||
| 100 | 0 | 0 |
_aDurán Villegas, Ricardo. _934714 |
| 245 | _aEfecto de la densidad de siembra en la variedad de trigo salamanca (Triticum Aesticum L.) con aplicaciones de un desecante paraquat, bajo condiciones de campo en el municipio de Salinas Victoria, N.L. durante el ciclo de 1983-1984 | ||
| 260 |
_aMonterrey, N.L. : _bEl autor, _c1984 |
||
| 300 | _a49 h. | ||
| 502 | _aTesis (Ing. Agr. Esp. en Administración) -- ITESM. Div. de Ciencias Agropecuarias y Marítimas | ||
| 590 |
_aALEPH _b10 _c20130110 _lUCH01 _h1247 |
||
| 590 |
_aBATCH-UPD _b10 _c20130110 _lUCH01 _h1411 |
||
| 590 |
_aBATCH-UPD _b10 _c20130410 _lUCH01 _h0857 |
||
| 590 |
_aBATCH-UPD _b10 _c20130914 _lUCH01 _h1900 |
||
| 590 |
_aCONVERSION _b10 _c20130109 _lUCH01 _h1313 |
||
| 650 | 1 | 4 |
_aParaquat. _985461 |
| 650 | 1 | 4 |
_aTrigo _xEspaciamiento. _9115021 |
| 650 | 1 | 4 |
_aTrigo _xRendimiento. _9115092 |
| 650 | 1 | 4 |
_aTrigo _xVariedades. _9115119 |
| 901 | _aBK | ||
| 942 | _cTESIS | ||
| 949 |
_bBC _cTES _d-64747 _eTS1 _i28058 _si |
||
| 999 |
_c22989 _d22989 |
||